Antes de los veinte. Morat - Estadísticas

Estadísticas generales
  • Esta prueba ha sido intentada 24 veces
  • La puntuación promedio es 356 de 413
Estadísticas de respuestas
Respuesta % Correcto
a
100%
Antes
100%
corazones
100%
de
100%
del
100%
delincuente
100%
delirios
100%
Dicen
100%
lo
100%
los
100%
que
100%
Que
100%
se
100%
100%
si
100%
Si
100%
siente
100%
tener
100%
vale
100%
veinte
100%
es
94%
más
94%
arrepienta
88%
borrar
88%
cierto,
88%
cierto
88%
cuenta
88%
el
88%
enamorarme
88%
encuentra
88%
fin
88%
gritar
88%
la
88%
mal
88%
manera
88%
me
88%
mi
88%
perder
88%
poco
88%
por
88%
Quiero
88%
Robar
88%
siempre
88%
Sin
88%
sin
88%
también
88%
tiempo
88%
un
88%
una
88%
veces,
88%
vez
88%
vivir
88%
Y
88%
Yo
88%
yo
88%
ay
82%
cuando
82%
distinguir
82%
hacerlo
82%
media
82%
mil
82%
naranja
82%
nunca
82%
pero
82%
Poder
82%
porque
82%
Porque
82%
todo
82%
ver
82%
acierto
76%
al
76%
alguien
76%
cada
76%
canción
76%
cuente
76%
detrás
76%
ella
76%
errores
76%
final
76%
gloria
76%
gritarlo
76%
Habrá
76%
habrá
76%
historia
76%
mañana
76%
ni
76%
pase
76%
recuerdos
76%
voy
76%
atreverse
71%
cuento
71%
importa
71%
no
71%
pasa
71%
quiera
71%
recordarás
71%
trama
71%
vieja
71%
vivo
71%
vuela
71%
con
65%
escribir
65%
ataquen
59%
frente
59%
fuerte
59%
para
59%
soy
59%
intenten
53%
bien
47%
miedo
47%
miro
47%
mostrarles
47%
desplomo
41%
ohh
12%
No se encontraron pruebas coincidentes
Distribución de puntuación
Porcentaje de gente con cada puntuación
Porcentaje por número respondido
Historial de tus puntuaciones
No has intentado esta prueba.